00437nam a2200157Ia 450000500170000000800410001702000180005804100080007608200220008410000190010624500520012526000350017730000080021250000070022065000520022720260514122849.0260514s9999 xx 000 0 und d a9789389305104 aeng a726.145 BAS B2275 aBose Kamalika  aThe Hoysala Legacy Belur Halebidu Somanathapura bJaico Publishing HouseaMumbai a152 aHT aArchitecture, Hoysala—India—Hassan District